000 00611nam a22002297a 4500
003 UA-OsUOA
001 92663
007 ta
008 20121221b un ||||| |||| 00| 0 ukr d
100 _aБуковский К.
090 _a821.161.1
_bБ90
942 _cBK
040 _aUA-OsUOA
_brus
_cUA-OsUOA
_dUA-OsUOA
245 _aКнига путешествий
300 _a305 с.
955 _a3
041 _arus
080 _a821.161.1
260 _aМ.
_bСоветский писатель
_c1967
650 7 _a82 Література. Літературознавство
_2UDC
999 _c378997
_d378997